• 首页
  • 本馆介绍
  • 公告通知
  • 最新文献
  • 馆藏检索
  • 电子资源
  • 读者导购
  • 参考咨询
  • 我的图书馆
  • 登录
  • 详细信息显示
  • 放入我的书架
  • 预约/预借图书
  • 作者相关作品
  • 分类相关作品
  • 丛书相关作品
  • 出版社相关作品

书目信息

  • 表格格式
  • 工作单格式
  • 卡片格式
题名:
集成电路版图基础
    
 
作者: 森特 , 森特 ;李伟华 , 孙伟锋 译
分册:  
出版信息: 北京   清华大学出版社  2006
页数: 10,258页
开本: 23cm
丛书名:
单 册:
中图分类: TN402
科图分类:
主题词: 集成电路 , 电路设计 , 集成电路--电路设计--教材
电子资源:
ISBN: 7-302-13371-9
000 01232nam0 2200325 450
000 01238nam0 2200325 450
000 01170nam0 2200301 450
000 01133nam0 2200289 45
005 20070606172315.20
010    @a7-302-13371-9@dCNY35.00
100    @a20070521d2006 em y0chiy0120 ea
101 2  @achi@aeng
102    @aCN@b110000
105    @ay z 000yy
200 1  @a集成电路版图基础@AJi Cheng Dian Lu Ban Tu Ji Chu@e实用指南@EShi Yong Zhi Nan@f(美)Christopher Saint,(美)Judy Saint著@F( Mei )Christopher Saint,( Mei )Judy Saint Zhu@g李伟华,孙伟锋译
210    @a北京@c清华大学出版社@d2006
215    @a10,258页@d23cm
300    @a国外大学优秀教材——微电子类系列(翻译版)
305    @a美国麦格劳-希尔教育出版(亚洲)公司授权出版
330    @a本书从基本半导体理论开始介绍,进而阐述了现代半导体技术中基本器件的发展,为读者提供了IC版图设计的方法与技术。
606 0  @a集成电路
606 0  @a电路设计
606 0  @a集成电路@x电路设计@j教材
690    @aTN402@v3
701  1 @c(美)@a森特@ASen Te@g(Saint, Judy)著
701  1 @c(美)@a森特@ASen Te@g(Saint, Christopher)著
702  0 @a李伟华@ALi Wei Hua@4译
702  0 @a孙伟锋@ASun Wei Feng@4译
801  0 @aCN@bTAOJIN@c20070606
905    @a10447@dTN402@e108
    
    集成电路版图基础:实用指南/(美)Christopher Saint,(美)Judy Saint著/李伟华,孙伟锋译.-北京:清华大学出版社,2006
    10,258页;23cm
    国外大学优秀教材——微电子类系列(翻译版)
    
    ISBN 7-302-13371-9:CNY35.00
    本书从基本半导体理论开始介绍,进而阐述了现代半导体技术中基本器件的发展,为读者提供了IC版图设计的方法与技术。
●
相关链接 在E读中查询图书 在五车中查询图书 在当当中查询图书 在豆瓣中查询图书


正题名:集成电路版图基础     索取号:TN402/108         预约/预借

序号 登录号 条形码 馆藏地/架位号 状态 备注
1 0526643   205266433   第二样本阅览室/ [索取号:TN402/108] 在馆    
2 0526644   205266442   第三借阅区/ [索取号:TN402/108] 在馆    
3 0526645   205266451   第三借阅区/ [索取号:TN402/108] 在馆    
4 0526646   205266460   第三借阅区/ [索取号:TN402/108] 在馆    
5 0526647   205266479   第三借阅区/ [索取号:TN402/108] 在馆    
6 0526648   205266488   第三借阅区/ [索取号:TN402/108] 在馆    
7 0526649   205266497   第三借阅区/ [索取号:TN402/108] 在馆    
8 0526650   205266503   第三借阅区/ [索取号:TN402/108] 在馆    
唐山师范学院图书馆 欢迎您!
大连网信软件有限公司© 版权所有